| 000 | 00729nam a2200229 4500 | ||
|---|---|---|---|
| 001 | 109165 | ||
| 003 | ES-MaACL | ||
| 005 | 20231205193249.0 | ||
| 007 | t| | ||
| 008 | 061121s1968 sp r ||||1| spa d | ||
| 017 | _aM 24766-1968 | ||
| 080 | _a821.134.2-14"19" | ||
| 100 | 1 |
_aMuelas, Federico, _d1909-1974 _984034 |
|
| 245 | 1 | 0 |
_aCuenca en volandas / _cpor Federico Muelas; prólogo de Gerardo Diego. |
| 260 |
_aCuenca : _bDiputación Provincial, _c1968. |
||
| 300 |
_a128 p., 2 lám., 4 h. : _bil. ; _c28 cm. |
||
| 490 | 1 | _aColección Almenara | |
| 700 | 1 |
_aDiego, Gerardo, _d1896-1987 _944545 |
|
| 830 | 0 |
_aColección Almenara _9193537 |
|
| 852 |
_aES-MaACL _jC-56942 _bR.68529 |
||
| 999 |
_c109165 _d109165 |
||